000 00308nam a22001337a 4500
008 170227b xxu||||| |||| 00| 0 eng d
020 _a9780195335705
041 _aeng
080 _26TH
_a577
100 _a5
101 _aSHMB
245 _aPRINCIPLES OF BIOMEDICAL ETHICS
_cBEAUCHAMP, T.L
942 _2udc
_cBK
999 _c6340
_d6340